The epic of Latin American literature / (Registro nro. 13085)

Detalles MARC
000 -LEADER
fixed length control field 00568nam a2200181 4500
003 - CONTROL NUMBER IDENTIFIER
control field DO-SdBNP
005 - DATE AND TIME OF LATEST TRANSACTION
control field 20171124113537.0
008 - FIXED-LENGTH DATA ELEMENTS--GENERAL INFORMATION
fixed length control field 171124b1 ca 00| 0 spa d
040 ## - CATALOGING SOURCE
Original cataloging agency DO-SdBNP
Language of cataloging spa
Transcribing agency DO-SdBNP
082 ## - DEWEY DECIMAL CLASSIFICATION NUMBER
Classification number xx
Item number xx
100 ## - MAIN ENTRY--PERSONAL NAME
Personal name Torres Rioseco, Arturo,
Dates associated with a name 1897-1971.
245 ## - TITLE STATEMENT
Title The epic of Latin American literature /
Statement of responsibility, etc. Arturo Torres Ríoseco.
260 ## - PUBLICATION, DISTRIBUTION, ETC. (IMPRINT)
Place of publication, distribution, etc. Los Angeles :
Name of publisher, distributor, etc. University of California Press,
Date of publication, distribution, etc. 1967
300 ## - PHYSICAL DESCRIPTION
Extent 277 p. ;
Dimensions 20 cm.
942 ## - ADDED ENTRY ELEMENTS (KOHA)
Source of classification or shelving scheme Dewey Decimal Classification
Koha item type Libros
945 ## - LOCAL PROCESSING INFORMATION (OCLC)
a Inventario extranjero / 2017 VM
956 ## - LOCAL ELECTRONIC LOCATION AND ACCESS (OCLC)
Host name VMATEO
Access number 10
Compression information 20171124
Path BPMSU
Electronic name 0069
Existencias
Withdrawn status Lost status Source of classification or shelving scheme Damaged status Not for loan Collection code Home library Current library Date acquired Total Checkouts Full call number Barcode Date last seen Price effective from Koha item type
    Dewey Decimal Classification     Colección General Biblioteca Pública Metropolitana Salomé Ureña Biblioteca Pública Metropolitana Salomé Ureña 11/24/2017   xx xx BPM17110419 11/24/2017 11/24/2017 Libros